Estatuto

Guardat en:
Dades bibliogràfiques
Autor corporatiu: Cooperativa Universitaria de Servicios Múltiples
Format: Text
Publicat: San José: COOPUSEMU R. L.
Etiquetes: Afegir etiqueta
Sense etiquetes, Sigues el primer a etiquetar aquest registre!

MARC

LEADER 00000 a a2200000 04500
001 14194
003
040
090 |a EXTRAVIADO  
110 |a Cooperativa Universitaria de Servicios Múltiples  
245 |a Estatuto  
260 |a San José:   |b COOPUSEMU R. L.  
300 |a 43 p  
999 |c 8539  |d 8539